Černá smrt /
Mysteriózní krimithriller od zkušeného francouzského autora tohoto žánru. Pátrat po vlastní dceři je pro policejního náčelníka už tak dost hrozné, ale bude to ještě horší...
Uloženo v:
| Série: | Caleb Traksman,
část 2 |
|---|---|
| Hlavní autor: | |
| Další autoři: | |
| Médium: | E-kniha |
| Jazyk: | Czech |
| Vydáno: |
V Praze :
XYZ,
2022
|
| Vydání: | Vydání první |
| Témata: | |
| Příbuzné jednotky: | Z cyklu::
Caleb Traksman |
| Tagy: |
Žádné tagy |
| LEADER | 02586nam a2200469 i 4500 | ||
|---|---|---|---|
| 001 | 311558 | ||
| 003 | CZ PrSKC | ||
| 005 | 20260601215707.0 | ||
| 007 | ta | ||
| 008 | 220520s2022 xr g 000 f cze | ||
| 015 | |a cnb003421682 | ||
| 020 | |a 9788076831087 |q (vázáno) | ||
| 035 | |a (OCoLC)1335741794 | ||
| 040 | |a ABG001 |b cze |e rda | ||
| 041 | 1 | |a cze |h fre | |
| 072 | 7 | |a 821.133.1-3 |x Francouzská próza, francouzsky psaná |2 Konspekt | |
| 080 | |a 821.133.1-31 |2 MRF | ||
| 080 | |a (0:82-312.4) |2 MRF | ||
| 100 | 1 | |a Thilliez, Franck, |d 1973- |7 xx0097934 |4 aut | |
| 240 | 1 | 0 | |a Était deux fois. |l Česky |
| 245 | 1 | 0 | |a Černá smrt / |c Franck Thilliez ; z francouzského originálu Il était deux fois... přeložil Jiří Žák |
| 250 | |a Vydání první | ||
| 264 | 1 | |a V Praze : |b XYZ, |c 2022 | |
| 300 | |a 444 stran ; |c 22 cm | ||
| 336 | |a text |b txt |2 rdacontent | ||
| 337 | |a bez média |b n |2 rdamedia | ||
| 338 | |a svazek |b nc |2 rdacarrier | ||
| 520 | 2 | |a Mysteriózní krimithriller od zkušeného francouzského autora tohoto žánru. Pátrat po vlastní dceři je pro policejního náčelníka už tak dost hrozné, ale bude to ještě horší... |b V roce 2008 záhadně zmizí sedmnáctiletá Julie a případ otřese celým horským městečkem, odkud dívka pochází. Nejhorší ovšem je, že se do vyšetřování musí pustit její vlastní otec, náčelník četnictva Gabriel Moscato. V zoufalém pátrání nastane zvrat, když se zmatený Gabriel jedné noci probudí v místním hotelu a za okny padají mrtvá ptačí těla. Záhy se na recepci dozvídá, že se píše rok 2020 a jeho dcera je pohřešována už přes dvanáct let... Nakladatelská anotace. | |
| 655 | 7 | |a francouzské romány |7 fd132289 |2 czenas | |
| 655 | 7 | |a detektivní romány |7 fd132010 |2 czenas | |
| 655 | 7 | |a thrillery (romány) |7 fd184206 |2 czenas | |
| 655 | 9 | |a French fiction |2 eczenas | |
| 655 | 9 | |a detective novels |2 eczenas | |
| 655 | 9 | |a thrillers (novels) |2 eczenas | |
| 700 | 1 | |a Žák, Jiří, |d 1946-2024 |7 jk01152981 |4 trl | |
| 787 | 0 | 8 | |i Z cyklu: |t Caleb Traksman |g 2 |
| 900 | |a ABA001 |b 20 | ||
| 928 | 9 | |a Albatros Media - XYZ | |
| 044 | |a xr | ||
| 910 | |a RBIT002 | ||
| 998 | |d 352130 |a https://core.palmknihy.cz/api/books/352130/cover?si6e69 |b https://core.palmknihy.cz/api/books/352130/cover/400?si6e69 |c https://core.palmknihy.cz/api/books/352130/cover/50?si6e69 |e 2026-09-24 |g 448 |i 9788076831087 |j https://core.palmknihy.cz/api/books/352130/preview.epub |k https://core.palmknihy.cz/api/books/352130/preview.pdf |l |q 49 |r 1 |s https://www.palmknihy.cz/kniha/352130 |t ebook |y 2022 |z 0 | ||
| 999 | |d 311556 | ||